=LDR 00000nam 2200000 4500 =001 INLIS000000000030638 =005 20251206072422 =035 ##$$a 0010-061300000030638 =008 251206################g##########0#ind## =041 ##$$a Ind =082 ##$$a 2x7. =090 ##$$a 2x7, Muh n =100 1#$$a Muhammad, A =245 1#$$a Perang Islam vs Barat : $b Nubuat Nabi Daniel (as) /$c Muhammad A; penyunting, Wahyudi S.Ag =260 ##$$a Surabaya :$b Aum Publishing,$c 2006 =300 ##$$a xi,344 hlm, ; $c 21 cm =650 #4$$a Sejarah Islam =850 ##$$a NBPNMAT =020 ##$$a 979-15154-0-9 =084 ##$$a 2x7. MUH n =250 ##$$a cet.1 =700 #$$a Wahyudi =990 ##$$a 20900893 =990 ##$$a 20800483 =990 ##$$a 20900896 =990 ##$$a 20800484 =990 ##$$a 20900894 =990 ##$$a 20800485 =990 ##$$a 20900895 =990 ##$$a 20800482